El derecho internacional y el problema de la paz

Na minha lista:
Detalhes bibliográficos
Autor principal: Del Vecchio, Giorgio (autor)
Formato: Livro
Idioma:espanhol
Publicado em: Barcelona Bosch 1959
Assuntos:
Tags: Adicionar Tag
Sem tags, seja o primeiro a adicionar uma tag!

MARC

LEADER 00000nam a2200000 a 4500
001 UCT9233
003 CL-VaPUC
008 970404e19590000SP |||||||||||||||||spa|d
082 0 4 |a 341.013  |b DEL  |2 21 
100 |a Del Vecchio, Giorgio  |e autor   |9 255040 
245 1 3 |a El derecho internacional y el problema de la paz 
300 |a 151 p 
942 |c BK 
945 |d 19970404 00:00:00  |a paguirre 
260 |a Barcelona  |b Bosch  |c 1959 
600 0 |a Tomás de Aquino  |d 1220-1274  |c Santo  |9 255832 
600 0 7 |a VITORIA, FRANCISCO DE  |2 CL-VaPUC  |9 255729 
600 0 7 |a GENTILI, ALBERICO  |2 CL-VaPUC  |9 326221 
600 0 |a Suárez, Francisco,   |c S.I.  |9 255840 
650 0 |a Derecho internacional  |9 255637 
650 0 |a Paz  |9 259242 
650 0 |a Relaciones Internacionales  |9 255740 
650 0 |a Conflicto internacional  |9 341259 
583 |a last modification  |c 19970404 00:00:00  |k Rodrigo Vera 
999 |c 257650  |d 257648 
952 |0 0  |1 0  |4 0  |6 341_013000000000000_DEL_1959  |7 0  |8 A  |9 281226  |a BIBDER  |b BIBDER  |d 2019-11-19  |i 1819178  |l 1  |m 2  |o 341.013 DEL 1959  |p 1819178  |q 2025-12-31  |r 2020-03-19  |s 2020-03-19  |w 2019-11-19  |y BK  |k DER 
952 |0 0  |1 0  |4 0  |6 341_013000000000000_DEL_1959  |7 0  |8 A  |9 281227  |a BIBDER  |b BIBDER  |d 2019-11-19  |i 1819186  |o 341.013 DEL 1959  |p 1819186  |r 2023-01-25  |w 2019-11-19  |y BK  |k DER